South America: an economic and regional geography with and historical chapter /

Detalles Bibliográficos
Autor principal: Shanahan, E.W
Formato: Libro
Publicado: London : Methuen, 1953.
Edición:9a ed.
Materias:
Etiquetas: Agregar Etiqueta
Sin Etiquetas, Sea el primero en etiquetar este registro!

MARC

LEADER 00000nam a22000004a 4500
001 AR-BbUGT2704
003 AR-BbUGT
005 20181220001700.0
007 ta
008 061101t1953 |||ab |0|||0| d
040 |a AR-BbUGT  |b spa  |c AR-BbUGT 
082 0 4 |a 918 
100 1 |a Shanahan, E.W. 
245 1 0 |a South America:   |b an economic and regional geography with and historical chapter /   |c E.W. Shanahan. 
250 |a 9a ed. 
260 |a London :   |b Methuen,   |c 1953. 
300 |a 318 p. :   |b il., mapas 
653 |a Sudamérica 
942 |c BK  |h 918  |i SH18A9  |m D  |2 ddc  |6 918_000000000000000_SH18A9 
999 |c 10265  |d 10265